000 00489naa a2200181 4500
001 137764
003 ES-MaBCM
005 20241016183055.0
008 061010s2006 gbr|r0p 0 ||eng d
021 _axx
035 _a(OCoLC)1365198272
040 _cES-MaBCM
245 0 0 _aFinding a voice
651 2 4 _aEstados Unidos
_9115376
650 2 7 _aSituación política
_960283
773 0 _aEn:
_tThe economist
_dLondon
_w104401
_gVol. 380, no. 8496 (Sept. 2006), p. 46-48
942 _cAREV
999 _c137764
_d137764